| 000 | 00354nab a22001097u 4500 | ||
|---|---|---|---|
| 008 | 130520b2006 xxu||||| |||| 00| 0 spa d | ||
| 041 | _aspa | ||
| 100 | 1 |
_aSchärtl, Thomas _920427 |
|
| 245 | 0 | 0 |
_aPensar en la resurreción. Cuestiones metafísicas de fondo _cThomas Schärtl |
| 773 | 0 |
_tConcilium _gnº318,2006,págs. 69-84 _x0210-1041 _wRev134 |
|
| 942 | _cAR | ||
| 999 |
_c379593 _d379593 |
||